| 000 | 00982nam a2200289 4500 | ||
|---|---|---|---|
| 001 | 28074 | ||
| 003 | BD-RjUL | ||
| 005 | 20211209051233.0 | ||
| 008 | 140329s1964 nyubc b 00110 eng d | ||
| 035 | _a(BD-RjUL) 28155 | ||
| 035 | _a(BD-RjUL) | ||
| 040 |
_aXerox _beng _cBD-RjUL |
||
| 041 | _aeng | ||
| 082 | 0 | 4 |
_a940.28 _bCRW 1964 |
| 100 | 1 |
_aCrane, Stephen, _d1871-1900. _951714 |
|
| 245 | 1 | 4 |
_aThe war dispatches of Stephen Crane / _cEdited by R. W. Stallman and E. R. Hagemann. |
| 260 |
_aNew York : _bNew York University Press, _c1964. |
||
| 300 |
_axv, 343 p. : _bill. ; _c25 cm. |
||
| 504 | _aBibliographical footnotes. and Index | ||
| 650 | 0 |
_aGreco-Turkish War, 1897 _xPersonal narratives. _986067 |
|
| 650 | 0 |
_aSouth African War, 1899-1902 _xPersonal narratives. _978964 |
|
| 650 | 0 |
_aSpanish-American War, 1898 _xPersonal narratives. _986068 |
|
| 700 | 1 |
_aStallman R. W. _954267 |
|
| 700 | 1 |
_aHagemann. E. R. _986069 |
|
| 942 |
_2ddc _cBK |
||
| 999 |
_c28074 _d28074 |
||